Score 0/10 Timer 01:30
1 Play Today
% Correct
Red China
89.2%
Red Label
86.2%
Red Baron
79.8%
Red October
78.6%
Red Hot Chili Peppers
78.5%
Red Dawn
77.3%
Detroit Red Wings
76.5%
Red Ryder BB Gun
71.5%
Red Scare
70.9%
Red States
56.5%

Today's Daily Dose

Remove Ads.
Support Sporcle.
Get the best of Sporcle when you Go Orange. This ad-free experience offers more features, more stats, and more fun while also helping to support Sporcle. Thank you for becoming a member.

You're not logged in!

Compare scores with friends on all Sporcle quizzes.
OR
Log In

Show Comments

Extras

Top Quizzes Today


Score Distribution

Your Account Isn't Verified!

In order to create a playlist on Sporcle, you need to verify the email address you used during registration. Go to your Sporcle Settings to finish the process.

Report this User

Report this user for behavior that violates our Community Guidelines.

Details: